00681nam a22001935i 4500001000700000003000900007005001700016008004100033080002600074100004500100245005200145250001500197260003700212300003000249630003500279852003200314999001900346952012200365171476ES-MaACL20250730063150.0090518s1968 sp |||| | spa d a087.5(05)(460.235 B.)1 aSolà i Dachs, Lluís, d1932-910704510aEn Patufet (1904-1938) / cLuis Solá y Dachs. a[1ª ed.]. aBarcelona : bBruguera, c[1968] a110 p. : bil. ; c18 cm.04aEn Patufet (Barcelona)9140193 aES-MaACLjC-34495 9R.65463 c171476d171476 00104070aATENEOMbATENEOMcDEPO2d2009-05-18eSCl0oC-34495p1179951r2023-02-23 00:00:00w2023-02-23yMONOGRAFIA